Đời : Tập truyện ngắn

Thông qua sự hồi tưởng về bộ phim đã từng xem " The things of life" và trong lúc hiện tại đang nằm bệnh tác giả bắt đầu viết tập truyện này. Mỗi câu chuyện ở đây đều ngắn gọn, với cái tựa cũng tiết chế tới mức tối đa. Tất...

Descrición completa

Gardado en:
Detalles Bibliográficos
Autor Principal: Nguyễn, Đông Thức
Formato: Libro
Idioma:Undetermined
Publicado: Thành phố Hồ Chí Minh Trẻ 2008
Những chủ đề:
Các nhãn: Engadir etiqueta
Sen Etiquetas, Sexa o primeiro en etiquetar este rexistro!
Thư viện lưu trữ: Trung tâm Học liệu Trường Đại học Cần Thơ
LEADER 01154nam a2200229Ia 4500
001 CTU_140868
008 210402s9999 xx 000 0 und d
020 |c 22000 
082 |a 895.922301 
082 |b Th552 
100 |a Nguyễn, Đông Thức 
245 0 |a Đời : 
245 0 |b Tập truyện ngắn 
245 0 |c Nguyễn Đông Thức 
260 |a Thành phố Hồ Chí Minh 
260 |b Trẻ 
260 |c 2008 
520 |a Thông qua sự hồi tưởng về bộ phim đã từng xem " The things of life" và trong lúc hiện tại đang nằm bệnh tác giả bắt đầu viết tập truyện này. Mỗi câu chuyện ở đây đều ngắn gọn, với cái tựa cũng tiết chế tới mức tối đa. Tất cả đều là những câu chuyện bình thường , thậm chí nhỏ nhặt về đời sống chung quanh,... 
650 |a Short stories, vietnamese,Truyện ngắn Việt Nam 
650 |y 21st century 
904 |i Năm 
980 |a Trung tâm Học liệu Trường Đại học Cần Thơ